Statistics for Tolkien's House of Finwë (according to Silmarillion)

Click here to take the quiz!

General Stats

  • This quiz has been taken 505 times
    (247 since last reset)
  • The average score is 31 of 42

Answer Stats

Hint Answer % Correct
15. Their eldest son, the first High King of the Noldor in Middle-EarthFingolfin
99%
1. The High King of All the NoldorFinwë
98%
3. Their only son, the maker of the SilmarilsFëanor
98%
26. His brother, later Lord of Imladris (Rivendell)Elrond
96%
41. Their sister, later Lady of LórienGaladriel
95%
30. Their sister, later Queen of GondorArwen Undómiel
92%
16. Their youngest son, the King of the Noldor who stayed in ValinorFinarfin
92%
25. Their son, later the First King of NúmenorElros Tar-Minyatur
91%
12. Son of 8, later Lord of Eregion and the maker of the RingsCelebrimbor
89%
31. Her husband, a mortal descendant of 25, later King of GondorAragorn Elessar
88%
23. Their son, the great mariner of sea and skyEärendil
88%
19. The younger son of 15, King of GondolinTurgon
88%
17. The eldest son and successor of 15Fingon
87%
42. Her husband, Prince of Doriath, later Lord of LórienCeleborn
87%
5. Their eldest sonMaedhros
87%
36. Their eldest son, King of NargothrondFinrod Felagund
86%
29. His twin brotherElrohir
84%
9. Their fifth sonCurufin
84%
22. Her husband, a mortal man of House of HadorTuor son of Huor
82%
18. Son and successor of 17, friend of ElendilEreinion Gil-Galad
82%
28. Their sonElladan
79%
6. Their second sonMaglor
79%
24. His wife, Princess of DoriathElwing
78%
27. His wife, Princess of Lórien, daughter of 41 and 42Celebrían
75%
11. Their seventh sonAmras
74%
33. Her husband, the Dark Elf of Nan ElmothEöl
73%
10. Their sixth sonAmrod
72%
8. Their forth sonCaranthir
71%
21. Their daughter, Princess of GondolinIdril Celebrindal
71%
7. Their third sonCelegorm
70%
34. Their sonLómion Maeglin
69%
2. The first wife of 1Míriel Serindë
60%
37. His brother and successorOrodreth
57%
14. The second wife of 1Indis of the Vanyar
57%
32. Daughter of 15, the White Lady of the NoldorAredhel Ar-Feiniel
56%
38. Daughter of 37, Princess of NargothrondFinduilas Faelivrin
51%
39. The third son of 16 and 35Angrod
50%
40. The forth son of 16 and 35Aegnor
49%
4. His wifeNerdanel
49%
13. Father of 4 and tutor of 3Mahtan
39%
20. His wife, who was killed at the HelcaraxëElenwë of the Vanyar
39%
35. Wife of 16, Princess of AlqualondëEärwen
37%

Score Distribution

Percentile by Number Answered

Percent of People with Each Score

Your Score History

You have not taken this quiz since the last reset